000 00938nmm a2200277 a 4500
001 ocm000879820
003 TR-IsHL
005 20201028124728.0
008 130902s2012 tu tur
007 cr cn
020 _a9786054503599
035 _a879820
_b(N$T)
050 0 4 _aPS1214.L5819
_bK8 2012
090 0 4 _aPS1214.L5819
_bK8 2012
100 1 _aBurnett, Frances Hodgson
245 1 0 _aKüçük Lord
_h[electronic resource] /
_cFrances Hodgson Burnett ; çev. Gülsün Tilkici
260 _aİstanbul :
_bBilge Kirpi Yayıncılık,
_c2012
300 _a180 p.
650 4 _aDil ve Edebiyat
650 4 _aLanguage and Literature
650 0 _aİngiliz romanı
650 0 _aEnglish fiction
650 7 _aLITERARY COLLECTIONS / European / English, Irish, Scottish, Welsh
_2bisacsh
700 1 _aTilkici, Gülsün
856 4 0 _uhttp://search.ebscohost.com/login.aspx?direct=true&scope=site&db=e011xww&AN=879820
999 _c3106
_d3106